000 01598nac a22003371ib4500
003 EG-ScBUE
005 20260318091849.0
008 260317s2000 enka f b 001 0 eng d
020 _a0521644763 (hardback : v. 5)
020 _a9780521644761
040 _aEG-ScBUE
_beng
_erda
_cEG-ScBUE
_dEG-ScBUE
043 _ae-uk---
082 0 4 _a581.52470941
_bBRI
_222
245 _aBritish plant communities.
_nVolume 5,
_pMaritime communities and vegetation of open habitats /
_bJ. S. Rodwell, editor ; C. D. Pigott, [and nine others] for the U.K. Nature Conservancy Committee.
246 3 0 _aMaritime communities and vegetation of open habitats
250 _aFirst edition.
264 1 _aCambridge :
_bCambridge University Press,
_c2000.
300 _a1 volume (xiv, 512 pages) :
_billustrations ;
_c26 cm
336 _2rdacontent
_atext
_btxt
337 _aunmediated
_2rdamedia
_bn
338 _avolume
_bnc
_2rdacarrier
500 _a"For the U.K. Joint Nature Conservation Committee"--Volume 3, 5.
504 _aIncludes bibliographical references and indexes.
505 _aVolume1. Woodlands and scrub -- Volume 2. Mires and heaths -- Volume 3. Grasslands and montane communities -- Volume 4. Aquatic communities, swamps, and tall-herb fens -- Volume 5. Maritime communities and vegetation of open habitats.
650 7 _aPlant communities
_zGreat Britain.
_2BUEsh
650 7 _aVegetation classification
_zGreat Britain.
_2BUEsh
655 _vReading book
700 _aRodwell, J. S.,
_eeditor.
710 2 _aJoint Nature Conservation Committee (Great Britain),
_eeditor.
942 _cBB
_2ddc
999 _c7348
_d7348